| 000 | 00453nam a2200181Ia 4500 | ||
|---|---|---|---|
| 001 | 12892 | ||
| 005 | 20260306163014.0 | ||
| 008 | 260306t2008||||xx |||||||||||||| ||spa|| | ||
| 041 | _aESP | ||
| 082 |
_aRD 460 _bL32 |
||
| 100 |
_aLázaro Carreter, Fernando [1923-2006] _eAUT |
||
| 245 | 0 | _aDiccionario de término filológicos | |
| 260 | _c2008 | ||
| 300 |
_a443 páginas : _c23 cm. |
||
| 650 | _aGEN | ||
| 654 | _aCHU | ||
| 942 |
_cDIC _dJUS _fJUS _2ddc _n |
||
| 999 |
_c12892 _d12892 |
||